banner-ar

STFAD FAST TISOLDIER / (Record no. 13647)

MARC details
000 -الفاتح
حقل البيانات ثابتة الطول 00458nam a2200181Ia 4500
040 ## - مصدر الفهرسة
وكالة الفهرسة الأصلية GCL /
وكالة النسخ GCL
082 04 - رقم تصنيف ديوى العشرى
رقم التصنيف CH
رقم المادة 823.087
-- A S
100 1# - المدخل الرئيسى - إسم شخصى
الإسم الشخصى ANDERSEN, HANS CHRISTIAN
245 10 - بيان العنوان
العنوان STFAD FAST TISOLDIER /
بيان المسئوليه,etc ANDERSEN, HANS CHRISTIAN
700 1# - المدخل الاضافى - اسم شخصى
الإسم الشخصى LEMOINE, GEORGES
260 ## - PUBLICATION, DISTRIBUTION, ETC. (IMPRINT)
تاريخ النشر أو التوزيع 1993
300 ## - الوصف المادى
التعداد 32 P
650 04 - المدخل الاضافى بالموضوع-مصطلح موضوعى
مصطلح موضوعي CHILDREN - LITERATURE
650 04 - المدخل الاضافى بالموضوع-مصطلح موضوعى
مصطلح موضوعي CHILDREN
650 04 - المدخل الاضافى بالموضوع-مصطلح موضوعى
مصطلح موضوعي NOVELS
942 ## - عناصر المدخل الإضافي( كوها)
مصدر التصنيف او مخطط الترفيف Dewey Decimal Classification
Koha [default] item type كتاب
260 ## - PUBLICATION, DISTRIBUTION, ETC. (IMPRINT)
-- [S.N] :
-- CREATIVE EDUCATION ،
Holdings
حالة التراجع حالة الفقد حالة تلف ليس للاعارة المكان المؤقت الموقع الحالى تاريخ الاكتساب اجمالي اﻻعارات رقم الطلب الباركود تاريخ اخر مشاهدة تاريخ تفعيل السعر نوع وعاء كوها
        مكتبة القاهرة الكبرى مكتبة القاهرة الكبرى 03/26/2014   CH\823.087\A S 26004 03/26/2014 03/26/2014 كتاب

Powered By

EGPV